Movies Quiz

Random Movies or Role Quiz

Blonde and Brunette Roles Quiz Stats

 Plays Quiz not verified by Sporcle

Score 0/21 Timer 08:00
0 Plays Today
% Correct
Brad Pitt
96.4%
Jennifer Lawrence
91.5%
Tom Cruise
90.5%
Reese Witherspoon
89.8%
Sandra Bullock
87.8%
Orlando Bloom
86.5%
Ryan Gosling
83.5%
Jessica Alba
78.5%
Scarlett Johansson
75%
Emma Stone
74.3%
Zooey Deschanel
73.5%
% Correct
Rachel McAdams
67.8%
Kristen Bell
66.1%
Javier Bardem
61.7%
Christina Ricci
59.1%
Vanessa Hudgens
57.3%
Margot Robbie
54.6%
Emma Roberts
52.4%
Jessica Chastain
46.6%
Jodie Whittaker
15.4%
Riki Lindhome
7.2%

You're not logged in!

Compare scores with friends on all Sporcle quizzes.
OR
Log In

Show Comments

Extras

Top Quizzes Today


Score Distribution

Your Account Isn't Verified!

In order to create a playlist on Sporcle, you need to verify the email address you used during registration. Go to your Sporcle Settings to finish the process.

Report this User

Report this user for behavior that violates our Community Guidelines.

Details: